[Event "Accession Meyreuil 03/04"]
[Site "?"]
[Date "2004.03.27"]
[Round "9"]
[White "Colandrea, Sauveur"]
[Black "Blondelon, Alain"]
[Result "1/2-1/2"]
[WhiteElo "1820"]
[BlackElo "1680"]
[PlyCount "55"]

1. e4 c5 2. Nf3 d6 3. d4 cxd4 4. c3
dxc3 5. Bc4 e6 6. Nxc3 Nc6 7. O-O Nf6 8. Qe2 Qc7 9. a3 Be7 10. b4 O-O 11. h3
Nd7 12. Bg5 {12.Nb5 Qb8 =/+} 12... Nde5 (12... Bxg5 13. Nxg5 Nce5 14. Nxe6
fxe6 15. Bxe6+ Kh8 16. Nb5 Qd8 17. Rad1 Nb6 18. Rxd6 Qe7 19. Bxc8 Raxc8 20.
Rfd1 Nbc4 21. R6d5 $17) 13. Bxe7 Nxf3+ 14. Qxf3 Nxe7 15. Qe2 Ng6 16. f4 $2 {
16.Nb5 Qe7 17.Rfd1 =/+} 16... a6 {
16...d5!? 17.exd5 Nxf4 18.Qe4 Nxh3+ 19.Kh1 Ng5 -/+} 17. Rac1 $15 17... Qb6+
18. Kh1 Bd7 19. g4 {19.Bd3 a5 20.b5 Rac8 =/+} 19... Bc6 {
19...Rfc8 20.Qd3 -/+} 20. Rcd1 {20.f5 exf5 21.gxf5 Ne5 22.Nd5 =} 20... Rad8
{20...Rfc8 21.f5 exf5 22.gxf5 Ne5 -/+} 21. Bb3 {21.f5 exf5 22.gxf5 Ne5 =/+}
21... Rfe8 22. Qf2 {22.f5!? Ne5 23.Qf2 Qc7 =/+} 22... Qxf2 $19 23. Rxf2 23...
Re7 {>= 23...d5!? 24.exd5 exd5 25.Bxd5 Rxd5 26.Nxd5 Ne7 27.Re2 Nxd5 28.Rxe8+
Bxe8 29.f5 -/+} 24. Kh2 Red7 25. Na4 $2 {>= 25.f5 (encore!) Nf8 26.a4 b5 =/+
} 25... Bxe4 $19 26. Rfd2 {>= 26.Rd4 Bc6 27.Nb6 Rc7 -+} 26... d5 $4 {
fait perdre l'avantage >= 26...Nxf4 27.Nb6 Rc7 28.Rxd6 Rxd6 29.Rxd6 g5 +-}
27. Nc5 $11 27... Nxf4 28. Nxe4 1/2-1/2